000 01068nam a2200301 a 4500
001 000016880
003 OSt
005 20260527074041.0
008 100312s2005 dr 000 0 spa d
020 _a9945406280
040 _aDO-SdBNP
_bspa
_cBNPHU
082 _a324.27293
_bB742p, 2005
100 1 _a Bosch, Juan,
_d1909-2001
_976555
245 1 3 _aEl P. L. D. /
_cJuan Bosch.
250 _a2a. ed.
260 _aSanto Domingo :
_bAlfa y Omega,
_c2005.
300 _a326 p. ;
_c21 cm.
490 1 _aEstudios sociales
520 _aEl contenido de esta obra "se ha formado con los folletos escritos para los círculos de estudio del Partido de la Liberación Dominicana"
590 _aInventariado, 2019/MFF
650 4 _aPartido de la Liberación Dominicana
_91909
650 0 _aPartidos políticos
_zRepública Dominicana
_9285
651 0 _aRepública Dominicana
_xPolítica y gobierno
_945
651 4 _aRepública Dominicana
_xHistoria
_9170
830 0 _aEstudios sociales
_97147
910 _aValidado. Control de calidad MMOLINA
942 _2ddc
_cLBS1
999 _c16412
_d16412